The seven seas
Αποθηκεύτηκε σε:
| Κύριος συγγραφέας: | |
|---|---|
| Μορφή: | Βιβλίο |
| Γλώσσα: | Αγγλικά |
| Έκδοση: |
Londres
Metheuen
1922
|
| Έκδοση: | 36a. ed |
| Θέματα: | |
| Ετικέτες: |
Προσθήκη ετικέτας
Δεν υπάρχουν, Καταχωρήστε ετικέτα πρώτοι!
|
MARC
| LEADER | 00000nam a2200000 a 4500 | ||
|---|---|---|---|
| 001 | UCQ3821 | ||
| 003 | CL-VaPUC | ||
| 008 | 980828e19220000UK |||||||||||||||||eng|d | ||
| 082 | 0 | 4 | |a 821 |b KIP |2 21 |
| 100 | |a Kipling, Rudyard |e author |9 345267 | ||
| 245 | 1 | 4 | |a The seven seas |
| 250 | |a 36a. ed | ||
| 300 | |a 230 p | ||
| 942 | |c BK | ||
| 945 | |d 19980828 00:00:00 |a crobeson | ||
| 260 | |a Londres |b Metheuen |c 1922 | ||
| 650 | 0 | |a Poesías inglesas |9 265094 | |
| 650 | 0 | |a Literatura inglesa |9 312907 | |
| 583 | |a last modification |c 19980828 00:00:00 |k Rodrigo Vera | ||
| 999 | |c 274334 |d 274332 | ||
| 952 | |0 0 |1 0 |4 0 |6 821_000000000000000_KIP_1922 |7 0 |8 P |9 310485 |a BIBEDU |b BIBEDU |d 2019-11-20 |i 1458647 |o 821 KIP 1922 |p 1458647 |r 2019-11-20 |w 2019-11-20 |y BK |k LIT | ||